Funkcionalita podnikových informačných systémov tybu ERP II v oblasti SCM bakalárska práca

Saved in:
Bibliographic Details
Main Author: Szabó, Štefan
Corporate Author: Fakulta hospodárskej informatiky EU. Katedra aplikovanej informatiky
Other Authors: Brixová, Janette
Format: Book
Language:Slovak
Published: Bratislava 2015
Tags: Add Tag
No Tags, Be the first to tag this record!

MARC

LEADER 00000nbm a2200000 4500
001 0206560
005 20161212113921.3
041 0 |a slo 
044 |a SK 
245 1 0 |a Funkcionalita podnikových informačných systémov tybu ERP II v oblasti SCM  |b bakalárska práca  |c Štefan Szabó ; školiteľ: Janette Brixová 
264 1 |a Bratislava  |c 2015 
300 |a 39 s. 
100 1 |a Szabó, Štefan 
700 1 |a Brixová, Janette 
710 2 |a Fakulta hospodárskej informatiky EU. Katedra aplikovanej informatiky